Země a její činnost

Bibliographic Details
Main Author: Parker, Steve, 1952- (Author)
Other Authors: Bastlová, Helena (Translator), Fornari, Giuliano (Illustrator), Corbella, Luciano (Illustrator)
Format: Book
Language:Czech
English
Published: Martin Osveta 1994
Edition:1. vyd.
Series:Okna do světa
Subjects:

MARC

LEADER 00000nam a2200000 a 4500
001 vtls001075559
003 SK-MaSNL
005 20260301111054.0
008 250414s1994 xo 0 cze
015 |a SNBA1994/07 
020 |a 8021704179 
035 |a SNK000018392 
035 |a urn:nbn:sk:snk-amlipg 
035 |a urn:nbn:sk:snk-am00bqhg 
035 |a A5378E20-D08B-430B-B55D-8361307B3622 
040 |a SNK  |b slo  |c SNK  |e AACR2 
041 1 |a cze  |h eng 
044 |a xo  |c SK 
080 |a 551.4(084.12)(087.5)=850  |2 1981 
100 1 |a Parker, Steve,  |d 1952-  |4 aut  |9 116972 
245 1 0 |a Země a její činnost  |c Steve Parker ; Přel. Helena Bastlová ; Ilustr. Giuliano Fornari, Luciano Corbella 
250 |a 1. vyd. 
260 |a Martin  |b Osveta  |c 1994  |e Martin  |f Neografia 
300 |a 64 s., 17,61 AH, 17,71 VH  |b Men. reg.  |c 28 cm 
490 1 |a Okna do světa 
500 |a Fotogr. na tit. liste 
655 7 |a obrazové publikácie  |2 SNK  |9 70343 
700 1 |a Bastlová, Helena  |4 trl  |9 42763 
700 1 |a Fornari, Giuliano  |4 ill  |9 42098 
700 1 |a Corbella, Luciano  |4 ill  |9 41286 
830 0 |a Okna do světa  |9 276399 
852 |a Slovenská národná knižnica 
919 |a 80-217-0417-9 
958 |a DB 
958 |a TL 
958 |a OP 
958 |a NS 
958 |a CZ 
968 |a [Čes]  |b ENG  |d Přel. ze slov. vyd. angl. orig. 
999 |c 705369  |d 707299 
952 |t P60, <04>, [BOOK], {604}  |a SNK  |b SNK  |y VYP  |7 0  |p 17A0080781  |o snkSB 52703 D1  |0 0  |1 0  |4 0  |d 1997-07-15  |l 0  |r 2004-12-31 00:00:00  |w 2026-02-23 
952 |a SNK  |b SNK  |y PREZ  |7 0  |p 17A0905646  |o snkSB 52703  |0 0  |1 0  |4 0  |d 2012-07-17  |f 1  |l 0  |r 2025-03-18 00:00:00  |w 2026-02-23